Κατάλογος Βιβλιοθηκών Mediterranean College

Εφαρμογές Μεθοδολογίας Επιστημονικής Έρευνας / Παράδειγμα: Ηλικία και Σχολική Επίδοση (Record no. 5683)

MARC details
000 -LEADER
fixed length control field 02300cam a22002174a 4500
005 - ΗΜΕΡΟΜΗΝΙΑ ΚΑΙ ΩΡΑ ΤΕΛΕΥΤΑΙΑΣ ΕΝΗΜΕΡΩΣΗΣ
Πεδίο ελέγχου 20250605164219.0
008 - FIXED-LENGTH DATA ELEMENTS--GENERAL INFORMATION
Πεδίο ελέγχου σταθερού μήκους 250528s ||||||||||||||||||||||||d
035 ## - SYSTEM CONTROL NUMBER
System control number 20592
020 ## - ISBN
ISBN 960802806
040 ## - ΠΗΓΗ ΚΑΤΑΛΟΓΟΓΡΑΦΗΣΗΣ
Φορέας πρωτότυπης καταλογογράφησης MC Athens Campus Library
Γλώσσα καταλογογράφησης Ελληνικά, Μοντέρνα (1453-)
Modifying agency MC Athens Campus Library
Κανόνες περιγραφικής καταλογογράφησης AACR2
245 1# - ΤΙΤΛΟΣ ΚΑΙ ΔΗΛΩΣΗ ΥΠΕΥΘΥΝΟΤΗΤΑΣ
Τίτλος Εφαρμογές Μεθοδολογίας Επιστημονικής Έρευνας / Παράδειγμα: Ηλικία και Σχολική Επίδοση
250 ## - EDITION STATEMENT
Edition statement
260 ## - PUBLICATION, DISTRIBUTION, ETC.
Name of publisher, distributor, etc. Αποστολική Διακονία Της Εκκλησίας Της Ελλάδος,
Date of publication, distribution, etc. 2004
300 ## - PHYSICAL DESCRIPTION
Extent 432
520 ## - SUMMARY, ETC.
Summary, etc. Πρόλογος, Εισαγωγή, Νομικό και Θεωρητικό Πλαίσιο και Ερευνητικά Δεδομένα Διεθνώς και στην Ελλάδα, Η Ισχύουσα Πρακτική Διεθνώς και στην Ελλάδα, Γενικές Θεωρίες για την Εξέλιξη της Μαθησιακής Πορείας, Ερευνητικά Δεδομένα Διεθνώς και στην Ελλάδα, Ερευνητικό Πρόβλημα και Ερευνητική Μέθοδος και Ερευνηθείς Πληθυσμοί (Δείγμα), Η Νέα Έρευνα: Ερευνητική Πορεία και Κατανομή του Πληθυσμού που Ερευνήθηκε, Αποτελέσματα της Έρευνας για τη Διαχρονική (12ετή) Εξέλιξη της Σχολικής Επίδοσης των Μαθητών, Σειρά Παράθεσης των Αποτελεσμάτων της Έρευνας, Συνάφεια Ηλικίας και Σχολικής Επίδοσης των Μαθητών (Ανεξαρτήτως Φύλου) κατά Τάξη, Διερεύνηση της Διαφοράς των Μέσων Όρων Επίδοσης, Αποτελέσματα της Έρευνας για τη Διαχρονική Εξέλιξη της Επίδοσης στα Γλωσσικά Μαθήματα και τα Μαθηματικά σε Σχέση με τη Χρονολογική Ηλικία, Συμπεράσματα και Προτάσεις.
700 1# - ΠΡΟΣΘΕΤΗ ΑΝΑΓΡΑΦΗ--ΦΥΣΙΚΟ ΠΡΟΣΩΠΟ
Personal name Δανασσής - Αφεντάκης Αντ. Κ
9 (RLIN) 5940
700 1# - ΠΡΟΣΘΕΤΗ ΑΝΑΓΡΑΦΗ--ΦΥΣΙΚΟ ΠΡΟΣΩΠΟ
Personal name Δελλασούδας Λαυρ. Γ
9 (RLIN) 5941
942 ## - ADDED ENTRY ELEMENTS (KOHA)
Koha item type Books
Holdings
Τύπος τεκμηρίου Βιβλιοθήκη Τρέχουσα τοποθεσία Barcode Αριθμός εισαγωγής Ημερομηνία απόκτησης Ταξιθετικό σύμβολο Αριθμός αντιτύπου Κατάσταση απόσυρσης Κατάσταση χαμένου Κατάσταση κατεστραμμένου Μη δανεισμός Σύνολο δανεισμών Ημερομηνία τελευταίας εμφάνισης Η τιμή ισχύει από
Books MC Athens Campus Library MC Athens Campus Library 9780000056825 7100 05/06/2025 001.42 DAN 1           05/06/2025 05/06/2025

MC Athens Campus Library
Πατησίων 94 & Κοδριγκτώνος 13, 104 34
Πελλήνης 8 & Πατησίων 107, 112 51
Τ: +30 210 8899600

MC Thessaloniki Campus Library
Ίωνος Δραγούμη 21, 54625 | Ίωνος Δραγούμη 15, 54625
Τ: +30 2310 287779 – Τ: +30 2314 440300